00862naa a2200217 i 45000010005000000030009000050050017000140080041000310210007000720350022000790400013001010410008001140430008001222450107001305200183002376500043004207730101004639420009005649990015005739520056005889885ES-MaBCM20241016091414.0900524s1990 usa 000 0 eng d axx a(OCoLC)1365227550 cES-MaBCM0 aeng ausa00aWhat obligation does our generation to the next?b: an approach to global environmental responsibility aNuestra obligación y responsabilidad hacia las futuras generaciones de preservar el medio ambiente. Comentarios sobre las paradojas de Derek Parfit y la nueva teoría del caos27aProtección del medio ambiente9599540 aEn:tAmerican journal of international lawdWashington : 1990w104703gnº 1, enero ; p. 190-212 cAREV c9885d9885 00104070aBCbBCd2012-04-21l0w2012-04-21yAREV